000 00593nam a2200181 i 4500
001 60416
003 ES-MaACL
005 20250325091442.0
007 t|
008 031104s1968 sp ||||1| spa d
100 0 _aJosemaría Escrivá de Balaguer,
_cSanto
_966981
245 1 0 _aVojo /
_cJosé María Escrivá de Balaguer ; [en la hispana linguo tradukis, Nicolás López Escartín].
260 _a[Madrid :
_bRialp,
_c1968]
300 _a319 p. ;
_c13 cm.
700 1 _aLópez Escartín, Nicolás.
_973623
852 _aES-MaACL
_jC-36169
_bR.67006
999 _c60416
_d60416